Environmental pullotion analysis / (Record no. 528157)
[ view plain ]
| 000 -LEADER | |
|---|---|
| fixed length control field | 00329nam a22001337a 4500 |
| 003 - CONTROL NUMBER IDENTIFIER | |
| control field | NUST |
| 038 ## - RECORD CONTENT LICENSOR | |
| Staff Name | M.Ramzan |
| 082 ## - DEWEY DECIMAL CLASSIFICATION NUMBER | |
| Classification number | 628.5028 |
| Author Mark | KHO |
| 100 ## - MAIN ENTRY--PERSONAL NAME | |
| Personal name | Khopkar, S.M |
| 9 (RLIN) | 19741 |
| 245 ## - TITLE STATEMENT | |
| Title | Environmental pullotion analysis / |
| Statement of responsibility, etc. | S.M. khopkar |
| 260 ## - PUBLICATION, DISTRIBUTION, ETC. | |
| Place of publication, distribution, etc. | New Delhi |
| Name of publisher, distributor, etc. | New Age International |
| Date of publication, distribution, etc. | 1993 |
| 300 ## - PHYSICAL DESCRIPTION | |
| Extent | 244 |
| 942 ## - ADDED ENTRY ELEMENTS (KOHA) | |
| Source of classification or shelving scheme | |
| Koha item type | Book |
| Withdrawn status | Lost status | Source of classification or shelving scheme | Damaged status | Not for loan | Permanent Location | Current Location | Date acquired | Total Checkouts | Full call number | Barcode | Date last seen | Price effective from | Koha item type |
|---|---|---|---|---|---|---|---|---|---|---|---|---|---|
| School of Civil and Environmental Engineering (SCEE) | School of Civil and Environmental Engineering (SCEE) | 08/30/2019 | 628.5028 KHO | NIT-10270 | 08/30/2019 | 08/30/2019 | Book |
